<?xml version='1.0' encoding='UTF-8'?>
  <record xmlns="http://www.loc.gov/MARC21/slim">
    <leader>00000cam a22000007i 4500</leader>
    <controlfield tag="001">ocm68020230</controlfield>
    <controlfield tag="003">OCoLC</controlfield>
    <controlfield tag="005">20250827074852.8</controlfield>
    <controlfield tag="008">980714s1562    gw            000 0 ger d</controlfield>
    <datafield tag="040" ind1=" " ind2=" ">
      <subfield code="a">NLGGC</subfield>
      <subfield code="b">eng</subfield>
      <subfield code="e">rda</subfield>
      <subfield code="e">dcrmr</subfield>
      <subfield code="c">NLGGC</subfield>
      <subfield code="d">QGJ</subfield>
      <subfield code="d">OCLCL</subfield>
      <subfield code="d">QGJ</subfield>
      <subfield code="d">OCLCO</subfield>
      <subfield code="d">QGJ</subfield>
    </datafield>
    <datafield tag="029" ind1="0" ind2=" ">
      <subfield code="a">NLGGC</subfield>
      <subfield code="b">171561791</subfield>
    </datafield>
    <datafield tag="035" ind1=" " ind2=" ">
      <subfield code="a">(OCoLC)68020230</subfield>
    </datafield>
    <datafield tag="100" ind1="1" ind2=" ">
      <subfield code="a">Gesenius, Johannes,</subfield>
      <subfield code="d">-1578,</subfield>
      <subfield code="e">author.</subfield>
      <subfield code="4">aut</subfield>
    </datafield>
    <datafield tag="245" ind1="1" ind2="0">
      <subfield code="a">Historia vnd kurtzer Bericht von dem Christlichen vnd seligem Abschied aus diesem elenden Leben, weiland des Durchleuchtigen, Hochgebornen Fůrsten vnd Herrn, Herrn Joachim Fůrst zu Anhalt etc. den 6. Decembris, Anno 1561. /</subfield>
      <subfield code="c">Durch Magistrum Johannem Gese Pfarherrn zu Dessaw. Sampt einer folgenden Leichpredigt Docto: Georgij Maioris.</subfield>
    </datafield>
    <datafield tag="264" ind1=" " ind2="1">
      <subfield code="a">Wittemberg. :</subfield>
      <subfield code="b">Gedruckt durch Hans Lufft.,</subfield>
      <subfield code="c">1562.</subfield>
    </datafield>
    <datafield tag="300" ind1=" " ind2=" ">
      <subfield code="a">[36] leaves ;</subfield>
      <subfield code="c">21 cm (4to)</subfield>
    </datafield>
    <datafield tag="336" ind1=" " ind2=" ">
      <subfield code="a">text</subfield>
      <subfield code="b">txt</subfield>
      <subfield code="2">rdacontent</subfield>
    </datafield>
    <datafield tag="337" ind1=" " ind2=" ">
      <subfield code="a">unmediated</subfield>
      <subfield code="b">n</subfield>
      <subfield code="2">rdamedia</subfield>
    </datafield>
    <datafield tag="338" ind1=" " ind2=" ">
      <subfield code="a">volume</subfield>
      <subfield code="b">nc</subfield>
      <subfield code="2">rdacarrier</subfield>
    </datafield>
    <datafield tag="340" ind1=" " ind2=" ">
      <subfield code="m">4to</subfield>
      <subfield code="2">rdabf</subfield>
    </datafield>
    <datafield tag="500" ind1=" " ind2=" ">
      <subfield code="a">Contains also an epitaph by Johan. Purgoldus.</subfield>
    </datafield>
    <datafield tag="500" ind1=" " ind2=" ">
      <subfield code="a">Coat of arms of Joachim I of Anhalt-Dessau on title page.</subfield>
    </datafield>
    <datafield tag="500" ind1=" " ind2=" ">
      <subfield code="a">Signatures: A-I⁴.</subfield>
    </datafield>
    <datafield tag="500" ind1=" " ind2=" ">
      <subfield code="a">With initials, printed marginalia and a tail-piece.</subfield>
    </datafield>
    <datafield tag="510" ind1="4" ind2=" ">
      <subfield code="a">Verzeichnis der im deutschen Sprachbereich erschienenen Drucke des 16. Jahrhunderts (VD 16),</subfield>
      <subfield code="c">ZV 32559</subfield>
      <subfield code="u">https://gateway-bayern.de/VD16+ZV+32559</subfield>
    </datafield>
    <datafield tag="510" ind1="4" ind2=" ">
      <subfield code="3">Meier, Georg aus Nürnberg. Leichpredigt:</subfield>
      <subfield code="a">Verzeichnis der im deutschen Sprachbereich erschienenen Drucke des 16. Jahrhunderts (VD 16) ;</subfield>
      <subfield code="c">M 2113</subfield>
      <subfield code="u">https://gateway-bayern.de/VD16+M+2113</subfield>
    </datafield>
    <datafield tag="600" ind1="0" ind2="0">
      <subfield code="a">Joachim</subfield>
      <subfield code="b">I,</subfield>
      <subfield code="c">Prince of Anhalt-Dessau,</subfield>
      <subfield code="d">1509-1561.</subfield>
    </datafield>
    <datafield tag="700" ind1="1" ind2="2">
      <subfield code="i">Container of (work):</subfield>
      <subfield code="a">Major, Georg,</subfield>
      <subfield code="d">1502-1574.</subfield>
      <subfield code="t">Leichpredigt.</subfield>
    </datafield>
    <datafield tag="700" ind1="1" ind2=" ">
      <subfield code="a">Purgold, Johannes,</subfield>
      <subfield code="d">-1573,</subfield>
      <subfield code="e">contributor.</subfield>
      <subfield code="4">ctb</subfield>
    </datafield>
    <datafield tag="700" ind1="1" ind2=" ">
      <subfield code="a">Lufft, Hans,</subfield>
      <subfield code="d">1495-1584,</subfield>
      <subfield code="e">printer.</subfield>
      <subfield code="4">prt</subfield>
      <subfield code="1">https://id.oclc.org/worldcat/entity/E39PBJgCJbqGT7HXKjCcf886Kd</subfield>
    </datafield>
    <datafield tag="700" ind1="0" ind2=" ">
      <subfield code="a">Joachim Ernst,</subfield>
      <subfield code="c">Prince of Anhalt,</subfield>
      <subfield code="d">1536-1586,</subfield>
      <subfield code="e">dedicatee.</subfield>
      <subfield code="4">dte</subfield>
    </datafield>
    <datafield tag="700" ind1="0" ind2=" ">
      <subfield code="a">Wolfgang,</subfield>
      <subfield code="c">Prince of Anhalt-Köthen,</subfield>
      <subfield code="d">1492-1566,</subfield>
      <subfield code="e">dedicatee.</subfield>
      <subfield code="4">dte</subfield>
    </datafield>
    <datafield tag="752" ind1=" " ind2=" ">
      <subfield code="a">Germany</subfield>
      <subfield code="d">Wittenberg,</subfield>
      <subfield code="e">publication place.</subfield>
      <subfield code="4">pup</subfield>
    </datafield>
    <datafield tag="758" ind1=" " ind2=" ">
      <subfield code="i">has work:</subfield>
      <subfield code="a">Historia und kurtzer Bericht von dem Christlichen und seligem Abschied aus diesem elenden Leben, weiland des Durchleuchtigen, Hochgebornen Fůrsten und Herrn, Herrn Joachim Fůrst zu Anhalt etc. den 6. Decembris, Anno 1561 (Text)</subfield>
      <subfield code="1">https://id.oclc.org/worldcat/entity/E39PCFvBqyFy4HcG9yxhKp7tmm</subfield>
      <subfield code="4">https://id.oclc.org/worldcat/ontology/hasWork</subfield>
    </datafield>
  </record>